Statistics for Generator Puzzle (13-Letters)

Click here to take the quiz!

General Stats

  • This quiz has been taken 406 times
    (340 since last reset)
  • The average score is 15 of 21

Answer Stats

HintAnswer% Correct
Everest or RushmoreMount
99%
Portion of an hourMinute
97%
Grizzly or black, eg.Bear
96%
Not ruralUrban
92%
Penny, dime etcCoin
91%
Airplane flyerPilot
89%
Opposite of yepNope
86%
Not a Democrat?Republican
86%
House in the woodsCabin
85%
Bread particleCrumb
83%
2, 4, 51, 108, eg.Number
78%
Drain fixerPlumber
71%
Madagascan primateLemur
66%
Small, coloured glass ballMarble
66%
Words beneath a cartoonCaption
59%
Root vegetableTurnip
55%
Capricorn or CancerTropic
53%
Male Muslim headdressTurban
52%
Able to be carriedPortable
46%
Express dissatisfactionComplain
42%
13-Letter WordUNPROBLEMATIC
14%

Score Distribution

Percentile by Number Answered

Percent of People with Each Score

Your Score History

You have not taken this quiz since the last reset